The canadian writer's handbook

Uloženo v:
Podrobná bibliografie
Hlavní autoři: Messenger, William E. (autor), Bruyn, Jan de (Autor)
Médium: Kniha
Jazyk:angličtina
Vydáno: Ottawa Prentice-Hall 1995
Vydání:3a. ed
Témata:
Tagy: Přidat tag
Žádné tagy, Buďte první, kdo vytvoří štítek k tomuto záznamu!

MARC

LEADER 00000nam a2200000 a 4500
001 UCR6079
003 CL-VaPUC
008 980420e19950000cn |||||||||||||||||eng|d
082 0 4 |a 808.042  |b MES  |2 21 
100 |a Messenger, William E.  |e autor  |9 407200 
700 0 |a Bruyn, Jan de  |e author  |9 407201 
245 1 4 |a The canadian writer's handbook 
250 |a 3a. ed 
300 |a 605 p 
942 |c BK 
945 |d 19980420 00:00:00  |a rleighto 
260 |a Ottawa  |b Prentice-Hall  |c 1995 
650 0 |a Inglés  |9 260023 
650 0 |a Enseñanza del inglés  |9 367340 
650 0 |a Enseñanza de idiomas  |9 339820 
583 |a last modification  |c 20170823 04:36:15  |k Rodrigo Vera 
999 |c 268390  |d 268388 
952 |0 0  |1 0  |4 0  |6 808_042000000000000_MES_1995  |7 0  |8 A  |9 301529  |a BIBEDU  |b BIBEDU  |d 2019-11-20  |i 3411745  |l 1  |m 1  |o 808.042 MES 1995  |p 3411745  |q 2025-05-13  |r 2025-04-30  |s 2025-04-30  |w 2019-11-20  |y BK  |k CIT